| 000 | 00554nam a22001937a 4500 | ||
|---|---|---|---|
| 005 | 20250617154155.0 | ||
| 010 | _aENG-145422 | ||
| 020 |
_a9789392066351 _c1795.00 |
||
| 035 | _aEN-128954 | ||
| 037 | _bDBAD | ||
| 082 | _a301.153 | ||
| 100 |
_aRamasamy, A _982142 |
||
| 245 |
_aGandhi's Travels in Tamil Nadu/ _cA. Ramasamy |
||
| 250 | _a1 | ||
| 260 |
_c2023 _bOrient Blackswan Private Limited _aTelangana |
||
| 270 |
_a3-6-752 Himayatnagar, Hyderabad _bTelangana |
||
| 300 |
_a673p. _c22cm(hb) |
||
| 942 |
_2ddc _cEN _mRAM _h301.153 |
||
| 999 |
_c211878 _d211878 |
||